000 00349 a2200169 4500
001 71534
020 _a8508020554
040 _cAnchieta - Colégio São Paulo
100 _aFurnari, Eva
240 1 0 _aTodo dia
_lpor
245 1 0 _aTodo dia
300 _a16
362 0 _a2000
440 1 _aÁtica
650 4 _aLiteratura infantil
942 _cBK
999 _c71534
_d71534